000 00820cam a2200241 4500
001 WB3619-01
008 000000n2000 000 0 eng u
035 _a(Sirsi) u106008
245 _aTreasury denies rift over prime contract
260 _c2000
490 _aContract Journal
_v403(6277) 17 May 2000, 1(1)
520 _aThe Treasury has admitted it is launching a new contract on 22 May as an alternative to the controversial new Defence Estates' contract.
590 _aWB
600 _aDEFCON 2000
650 _aBUILT ENVIRONMENT-BUILDING CONTRACT FORMS-PRIME COST CONTRACT FORMS
650 _aDEFENCE ESTATES
650 _aHM TREASURY
650 _aPRIME CONTRACTS
650 _aENGINEERING CONTRACTS
650 _aDEFCON 2000
690 _aBUILT ENVIRONMENT-BUILDING CONTRACT FORMS
942 _n0
999 _c63488
_d63488